[Event "Deutsche Blitz-Einzelmeisterschaft der Frauen 2021"]
[Site "Magdeburg"]
[Date "2021.08.01"]
[Round "14"]
[Board "7"]
[White "Braun, Kristin"]
[Black "Zeller, Elisa"]
[Result "1-0"]
[WhiteElo "1846"]
[BlackElo "1917"]
[PlyCount "0"]
[EventDate "2021.08.01"]
[EventRounds "21"]
[EventCountry "GER"]

1. e4 {[%clk 0:03:04]} e6 {[%clk 0:03:02]} 2. d4 {[%clk 0:03:04]} d5 {[%clk
0:03:04]} 3. exd5 {[%clk 0:03:07]} exd5 {[%clk 0:03:04]} 4. Nf3 {[%clk 0:03:07]}
Nc6 {[%clk 0:03:02]} 5. c4 {[%clk 0:03:10]} Nge7 {[%clk 0:03:01]} 6. Nc3 {[%clk
0:03:08]} Be6 {[%clk 0:02:58]} 7. cxd5 {[%clk 0:03:04]} Nxd5 {[%clk 0:02:58]} 8.
Be2 {[%clk 0:03:04]} Bb4 {[%clk 0:02:57]} 9. Bd2 {[%clk 0:02:52]} Bxc3 {[%clk
0:02:52]} 10. bxc3 {[%clk 0:02:51]} O-O {[%clk 0:02:52]} 11. O-O {[%clk 0:02:52]}
Re8 {[%clk 0:02:53]} 12. Re1 {[%clk 0:02:53]} Qf6 {[%clk 0:02:47]} 13. Rb1 {[%clk
0:02:40]} b6 {[%clk 0:02:48]} 14. c4 {[%clk 0:02:37]} Bf5 {[%clk 0:02:36]} 15.
cxd5 {[%clk 0:02:25]} Bxb1 {[%clk 0:02:35]} 16. Qxb1 {[%clk 0:01:57]} Nxd4 {[%clk
0:02:35]} 17. Nxd4 {[%clk 0:01:54]} Qxd4 {[%clk 0:02:34]} 18. Qd3 {[%clk
0:01:45]} Qf6 {[%clk 0:02:19]} 19. Bc3 {[%clk 0:01:44]} Qd6 {[%clk 0:02:11]} 20.
Rd1 {[%clk 0:01:34]} Rad8 {[%clk 0:02:14]} 21. Bf3 {[%clk 0:01:35]} c6 {[%clk
0:02:04]} 22. Qa6 {[%clk 0:01:04]} Qc5 {[%clk 0:01:48]} 23. Qd3 {[%clk 0:00:25]}
cxd5 {[%clk 0:01:40]} 24. Qd4 {[%clk 0:00:26]} Qxd4 {[%clk 0:01:21]} 25. Bxd4
{[%clk 0:00:26]} Re7 {[%clk 0:01:22]} 26. g3 {[%clk 0:00:29]} Rc7 {[%clk
0:01:21]} 27. Be5 {[%clk 0:00:29]} Rc2 {[%clk 0:01:19]} 28. Bxd5 {[%clk 0:00:24]}
Re8 {[%clk 0:01:11]} 29. Bf4 {[%clk 0:00:19]} h6 {[%clk 0:01:10]} 30. Bb3 {[%clk
0:00:18]} Rce2 {[%clk 0:01:06]} 31. Be3 {[%clk 0:00:20]} Re7 {[%clk 0:01:01]} 32.
Rd8+ {[%clk 0:00:21]} Kh7 {[%clk 0:01:02]} 33. Bd1 {[%clk 0:00:21]} Rxa2 {[%clk
0:00:59]} 34. Bf3 {[%clk 0:00:21]} g6 {[%clk 0:00:57]} 35. Kg2 {[%clk 0:00:22]}
Kg7 {[%clk 0:00:48]} 36. Kh3 {[%clk 0:00:22]} f6 {[%clk 0:00:54]} 37. Rd6 {[%clk
0:00:24]} Ra4 {[%clk 0:00:47]} 38. Bc6 {[%clk 0:00:25]} Rc4 {[%clk 0:00:45]} 39.
Bb5 {[%clk 0:00:25]} Rb4 {[%clk 0:00:45]} 40. Be2 {[%clk 0:00:26]} g5 {[%clk
0:00:44]} 41. Bg4 {[%clk 0:00:27]} Kg6 {[%clk 0:00:40]} 42. Rd3 {[%clk 0:00:25]}
h5 {[%clk 0:00:39]} 43. Bd1 {[%clk 0:00:25]} g4+ {[%clk 0:00:36]} 44. Kg2 {[%clk
0:00:26]} Rb2 {[%clk 0:00:36]} 45. Rd2 {[%clk 0:00:26]} Rb4 {[%clk 0:00:33]} 46.
Bc2+ {[%clk 0:00:27]} Kg7 {[%clk 0:00:31]} 47. Rd6 {[%clk 0:00:27]} Rb2 {[%clk
0:00:30]} 48. Rc6 {[%clk 0:00:27]} a5 {[%clk 0:00:30]} 49. Bd4 {[%clk 0:00:27]}
Rf7 {[%clk 0:00:27]} 50. Bxb2 {[%clk 0:00:29]} a4 {[%clk 0:00:26]} 51. Bxa4
{[%clk 0:00:30]}  1-0

[Event "Deutsche Blitz-Einzelmeisterschaft der Frauen 2021"]
[Site "Magdeburg"]
[Date "2021.08.01"]
[Round "14"]
[Board "8"]
[White "Schlueter, Sabrina"]
[Black "Skogvall, Martina"]
[Result "0-1"]
[WhiteElo "1790"]
[BlackElo "2014"]
[PlyCount "0"]
[EventDate "2021.08.01"]
[EventRounds "21"]
[EventCountry "GER"]

1. c4 {[%clk 0:03:03]} Nf6 {[%clk 0:03:03]} 2. Nc3 {[%clk 0:03:04]} g6 {[%clk
0:03:04]} 3. g3 {[%clk 0:03:05]} Bg7 {[%clk 0:03:06]} 4. Bg2 {[%clk 0:03:06]} d6
{[%clk 0:03:07]} 5. d3 {[%clk 0:03:07]} O-O {[%clk 0:03:07]} 6. Nf3 {[%clk
0:03:08]} e5 {[%clk 0:03:06]} 7. O-O {[%clk 0:03:08]} Bg4 {[%clk 0:03:04]} 8. h3
{[%clk 0:03:09]} Be6 {[%clk 0:03:03]} 9. Kh2 {[%clk 0:03:10]} h6 {[%clk 0:03:01]}
10. e4 {[%clk 0:03:10]} Nbd7 {[%clk 0:03:00]} 11. Be3 {[%clk 0:03:09]} Kh7 {[%clk
0:02:54]} 12. Rc1 {[%clk 0:03:05]} a6 {[%clk 0:02:51]} 13. b4 {[%clk 0:03:04]}
Nh5 {[%clk 0:02:48]} 14. Ng1 {[%clk 0:02:34]} f5 {[%clk 0:02:38]} 15. f4 {[%clk
0:02:34]} fxe4 {[%clk 0:02:28]} 16. Bxe4 {[%clk 0:02:31]} Nhf6 {[%clk 0:02:07]}
17. Bxb7 {[%clk 0:02:18]} Rb8 {[%clk 0:02:07]} 18. Qf3 {[%clk 0:01:53]} exf4
{[%clk 0:01:52]} 19. Bxf4 {[%clk 0:01:50]} g5 {[%clk 0:01:33]} 20. Be3 {[%clk
0:01:16]} Ng4+ {[%clk 0:01:28]} 21. Qxg4 {[%clk 0:01:10]} Bxg4 {[%clk 0:01:27]}
22. Be4+ {[%clk 0:01:04]} Kg8 {[%clk 0:01:19]} 23. Rxf8+ {[%clk 0:00:55]} Qxf8
{[%clk 0:01:15]} 24. hxg4 {[%clk 0:00:56]} Nf6 {[%clk 0:01:09]} 25. Bf5 {[%clk
0:00:48]} Rxb4 {[%clk 0:01:04]} 26. Be6+ {[%clk 0:00:31]} Kh8 {[%clk 0:01:04]}
27. Nd5 {[%clk 0:00:22]} Rb2+ {[%clk 0:00:59]} 28. Kh3 {[%clk 0:00:21]} c6 {[%clk
0:00:39]} 29. Nc3 {[%clk 0:00:19]} Qe8 {[%clk 0:00:30]}  0-1

[Event "Deutsche Blitz-Einzelmeisterschaft der Frauen 2021"]
[Site "Magdeburg"]
[Date "2021.08.01"]
[Round "14"]
[Board "9"]
[White "Paehtz, Elisabeth"]
[Black "Muetsch, Annmarie"]
[Result "1/2-1/2"]
[WhiteElo "2410"]
[BlackElo "2294"]
[PlyCount "0"]
[EventDate "2021.08.01"]
[EventRounds "21"]
[EventCountry "GER"]

1. d4 {[%clk 0:03:03]} d6 {[%clk 0:03:04]} 2. e4 {[%clk 0:03:03]} Nf6 {[%clk
0:03:04]} 3. Nc3 {[%clk 0:03:03]} e5 {[%clk 0:03:05]} 4. dxe5 {[%clk 0:03:02]}
dxe5 {[%clk 0:03:06]} 5. Qxd8+ {[%clk 0:03:03]} Kxd8 {[%clk 0:03:07]} 6. Bg5
{[%clk 0:03:03]} Be6 {[%clk 0:03:06]} 7. O-O-O+ {[%clk 0:03:01]} Kc8 {[%clk
0:02:58]} 8. Nf3 {[%clk 0:02:39]} Nbd7 {[%clk 0:02:57]} 9. Nd2 {[%clk 0:02:39]}
Ng4 {[%clk 0:02:35]} 10. Bh4 {[%clk 0:02:34]} Bc5 {[%clk 0:02:34]} 11. f3 {[%clk
0:02:32]} Bf2 {[%clk 0:02:11]} 12. fxg4 {[%clk 0:02:29]} Bxh4 {[%clk 0:02:11]}
13. Be2 {[%clk 0:02:27]} c6 {[%clk 0:01:58]} 14. b3 {[%clk 0:02:19]} b5 {[%clk
0:01:55]} 15. Kb2 {[%clk 0:02:16]} Kc7 {[%clk 0:01:51]} 16. Rhf1 {[%clk 0:02:14]}
Be7 {[%clk 0:01:46]} 17. h3 {[%clk 0:02:12]} a5 {[%clk 0:01:38]} 18. a4 {[%clk
0:02:13]} bxa4 {[%clk 0:01:21]} 19. Nxa4 {[%clk 0:02:12]} Bg5 {[%clk 0:00:49]}
20. Bc4 {[%clk 0:02:08]} Bxc4 {[%clk 0:00:27]} 21. Nxc4 {[%clk 0:02:09]} f6
{[%clk 0:00:25]} 22. Rd3 {[%clk 0:02:08]} Rhd8 {[%clk 0:00:23]} 23. Rfd1 {[%clk
0:02:06]} Nf8 {[%clk 0:00:23]} 24. Rxd8 {[%clk 0:02:00]} Rxd8 {[%clk 0:00:24]}
25. Rxd8 {[%clk 0:02:01]} Kxd8 {[%clk 0:00:26]} 26. Nxa5 {[%clk 0:02:01]} Kc7
{[%clk 0:00:24]} 27. Nc5 {[%clk 0:01:56]} Be3 {[%clk 0:00:19]} 28. Nd3 {[%clk
0:01:52]} Ne6 {[%clk 0:00:19]} 29. Nc4 {[%clk 0:01:53]} Ba7 {[%clk 0:00:18]} 30.
Ne1 {[%clk 0:01:24]} Ng5 {[%clk 0:00:17]} 31. Nd2 {[%clk 0:01:25]} Be3 {[%clk
0:00:15]} 32. Nef3 {[%clk 0:01:26]} Ne6 {[%clk 0:00:10]} 33. g3 {[%clk 0:01:00]}
Bf2 {[%clk 0:00:10]} 34. Nf1 {[%clk 0:01:01]} Nc5 {[%clk 0:00:01]} 35. N3d2
{[%clk 0:01:02]} Kd6 {[%clk 0:00:08]} 36. b4 {[%clk 0:01:01]} Ne6 37. Kc3 {[%clk
0:01:00]} Nd4 38. Kd3 {[%clk 0:00:59]} Be1 {[%clk 0:00:07]} 39. c3 {[%clk
0:00:56]} Nb5 {[%clk 0:00:05]} 40. Ke2 {[%clk 0:00:36]} Bxd2 {[%clk 0:00:05]} 41.
Kxd2 {[%clk 0:00:37]} c5 {[%clk 0:00:06]} 42. bxc5+ {[%clk 0:00:34]} Kxc5 {[%clk
0:00:07]} 43. Kd3 {[%clk 0:00:35]} Nc7 {[%clk 0:00:06]} 44. Ne3 {[%clk 0:00:21]}
g6 {[%clk 0:00:06]} 45. h4 {[%clk 0:00:26]} Kb5 {[%clk 0:00:07]} 46. Nd5 {[%clk
0:00:23]} Ne8 {[%clk 0:00:09]} 47. Ne7 {[%clk 0:00:20]} Nd6 {[%clk 0:00:07]} 48.
Ng8 {[%clk 0:00:19]} f5 {[%clk 0:00:07]} 49. exf5 {[%clk 0:00:13]} gxf5 {[%clk
0:00:08]} 50. Nh6 {[%clk 0:00:13]} fxg4 {[%clk 0:00:07]} 51. Nxg4 {[%clk
0:00:14]} Nf5 {[%clk 0:00:08]} 52. Nxe5 {[%clk 0:00:14]} Nxg3 {[%clk 0:00:10]}
53. Nf3 {[%clk 0:00:11]} Kc5 {[%clk 0:00:10]} 54. Ng5 {[%clk 0:00:10]} Nf5 {[%clk
0:00:10]} 55. h5 {[%clk 0:00:10]} h6 {[%clk 0:00:11]} 56. Ne4+ {[%clk 0:00:10]}
Kc6 {[%clk 0:00:12]} 57. c4 {[%clk 0:00:10]} Ng7 {[%clk 0:00:12]} 58. Ng3 {[%clk
0:00:10]} Kc5 {[%clk 0:00:13]} 59. Kc3 {[%clk 0:00:11]} Ne6 {[%clk 0:00:13]} 60.
Nf5 {[%clk 0:00:11]} Nf4 {[%clk 0:00:12]} 61. Ng3 {[%clk 0:00:11]} Ne6 {[%clk
0:00:12]} 62. Ne4+ {[%clk 0:00:12]} Kc6 {[%clk 0:00:13]} 63. Kb4 {[%clk 0:00:13]}
Nf4 {[%clk 0:00:14]} 64. Ng3 {[%clk 0:00:14]} Ne6 {[%clk 0:00:15]} 65. Kc3 {[%clk
0:00:12]} Kc5 {[%clk 0:00:16]} 66. Ne4+ {[%clk 0:00:12]} Kc6 {[%clk 0:00:17]} 67.
Nf6 {[%clk 0:00:12]} Nf4 {[%clk 0:00:18]} 68. Kd4 {[%clk 0:00:12]} Kd6 {[%clk
0:00:19]} 69. Ke4 {[%clk 0:00:08]} Ne6 {[%clk 0:00:18]} 70. Kf5 {[%clk 0:00:07]}
Ng7+ {[%clk 0:00:16]} 71. Kg4 {[%clk 0:00:06]} Kc5 {[%clk 0:00:17]} 72. Ng8
{[%clk 0:00:04]} Kxc4 {[%clk 0:00:17]} 73. Nxh6 {[%clk 0:00:05]} Nxh5 {[%clk
0:00:18]}  1/2-1/2

[Event "Deutsche Blitz-Einzelmeisterschaft der Frauen 2021"]
[Site "Magdeburg"]
[Date "2021.08.01"]
[Round "14"]
[Board "10"]
[White "Hofmann, Karina"]
[Black "Albayrak, Berrak"]
[Result "0-1"]
[WhiteElo "1734"]
[BlackElo "1491"]
[PlyCount "0"]
[EventDate "2021.08.01"]
[EventRounds "21"]
[EventCountry "GER"]

1. f4 {[%clk 0:03:03]} d6 {[%clk 0:03:04]} 2. Nf3 {[%clk 0:03:03]} Nf6 {[%clk
0:03:05]} 3. e3 {[%clk 0:03:05]} g6 {[%clk 0:03:07]} 4. b3 {[%clk 0:03:05]} Bg7
{[%clk 0:03:08]} 5. Nc3 {[%clk 0:03:06]} O-O {[%clk 0:03:08]} 6. Bb2 {[%clk
0:03:07]} c5 {[%clk 0:03:09]} 7. d4 {[%clk 0:03:03]} Qa5 {[%clk 0:02:52]} 8. Qd2
{[%clk 0:02:49]} Bg4 {[%clk 0:02:32]} 9. Be2 {[%clk 0:02:47]} cxd4 {[%clk
0:02:21]} 10. Nxd4 {[%clk 0:02:48]} Bxe2 {[%clk 0:02:21]} 11. Ndxe2 {[%clk
0:02:49]} Nc6 {[%clk 0:02:03]} 12. O-O-O {[%clk 0:02:45]} Nb4 {[%clk 0:01:32]}
13. a3 {[%clk 0:02:21]} Nc6 {[%clk 0:01:24]} 14. Nd5 {[%clk 0:02:16]} Qxd2+
{[%clk 0:01:15]} 15. Rxd2 {[%clk 0:02:16]} Ne4 {[%clk 0:00:59]} 16. Bxg7 {[%clk
0:02:03]} Kxg7 {[%clk 0:01:00]} 17. Rd4 {[%clk 0:01:42]} Nxd4 {[%clk 0:01:00]}
18. Nxd4 {[%clk 0:01:42]} e6 {[%clk 0:00:45]} 19. Nc7 {[%clk 0:01:41]} Rac8
{[%clk 0:00:43]} 20. Ncb5 {[%clk 0:01:42]} a6 {[%clk 0:00:41]} 21. Nxe6+ {[%clk
0:01:23]} fxe6 {[%clk 0:00:37]} 22. Nd4 {[%clk 0:01:24]} Rf6 {[%clk 0:00:32]} 23.
Kb2 {[%clk 0:01:15]} e5 {[%clk 0:00:30]} 24. Ne2 {[%clk 0:01:22]} exf4 {[%clk
0:00:26]} 25. Nxf4 {[%clk 0:01:21]} g5 {[%clk 0:00:21]} 26. Nd5 {[%clk 0:01:22]}
Rf2 {[%clk 0:00:21]} 27. Rc1 {[%clk 0:01:18]} Rxg2 {[%clk 0:00:21]} 28. h3 {[%clk
0:01:05]} Rh2 {[%clk 0:00:20]} 29. b4 {[%clk 0:00:56]} Rxh3 {[%clk 0:00:18]} 30.
Kb3 {[%clk 0:00:55]} Nf6 {[%clk 0:00:16]} 31. Ne7 {[%clk 0:00:52]} Rxe3+ {[%clk
0:00:16]} 32. c3 {[%clk 0:00:51]} Rxe7 {[%clk 0:00:17]} 33. a4 {[%clk 0:00:51]}
Re3 {[%clk 0:00:18]} 34. Rc2 {[%clk 0:00:52]} Nd5 {[%clk 0:00:19]} 35. b5 {[%clk
0:00:48]} Rcxc3+ {[%clk 0:00:20]} 36. Rxc3 {[%clk 0:00:49]} Rxc3+ {[%clk
0:00:21]}  0-1

[Event "Deutsche Blitz-Einzelmeisterschaft der Frauen 2021"]
[Site "Magdeburg"]
[Date "2021.08.01"]
[Round "14"]
[Board "11"]
[White "Voicu-Jagodzinsky, Carmen"]
[Black "Stangl, Anita"]
[Result "1-0"]
[WhiteElo "2194"]
[BlackElo "1982"]
[PlyCount "0"]
[EventDate "2021.08.01"]
[EventRounds "21"]
[EventCountry "GER"]

1. e4 {[%clk 0:03:03]} e6 {[%clk 0:03:04]} 2. d4 {[%clk 0:03:03]} d5 {[%clk
0:03:05]} 3. Nc3 {[%clk 0:03:04]} Nf6 {[%clk 0:03:06]} 4. exd5 {[%clk 0:03:02]}
exd5 {[%clk 0:03:08]} 5. Bg5 {[%clk 0:03:03]} c6 {[%clk 0:03:09]} 6. Qd2 {[%clk
0:03:04]} h6 {[%clk 0:03:05]} 7. Bf4 {[%clk 0:03:01]} Bb4 {[%clk 0:03:03]} 8. Bd3
{[%clk 0:02:59]} O-O {[%clk 0:02:48]} 9. Nge2 {[%clk 0:03:00]} c5 {[%clk
0:02:41]} 10. dxc5 {[%clk 0:02:52]} Kh8 {[%clk 0:02:19]} 11. a3 {[%clk 0:02:44]}
Bxc5 {[%clk 0:02:14]} 12. O-O {[%clk 0:02:44]} Nc6 {[%clk 0:02:13]} 13. Rad1
{[%clk 0:02:36]} Be6 {[%clk 0:02:12]} 14. h3 {[%clk 0:02:37]} a6 {[%clk 0:02:11]}
15. Ng3 {[%clk 0:02:26]} b5 {[%clk 0:02:03]} 16. Bxh6 {[%clk 0:02:21]} gxh6
{[%clk 0:01:44]} 17. Qxh6+ {[%clk 0:02:22]} Kg8 {[%clk 0:01:46]} 18. Nh5 {[%clk
0:02:23]}  1-0

[Event "Deutsche Blitz-Einzelmeisterschaft der Frauen 2021"]
[Site "Magdeburg"]
[Date "2021.08.01"]
[Round "15"]
[Board "1"]
[White "Stangl, Anita"]
[Black "Wulf, Constanze"]
[Result "1-0"]
[WhiteElo "1982"]
[BlackElo "1817"]
[PlyCount "0"]
[EventDate "2021.08.01"]
[EventRounds "21"]
[EventCountry "GER"]

1. e4 {[%clk 0:03:04]} d5 {[%clk 0:03:00]} 2. exd5 {[%clk 0:03:05]} Qxd5 {[%clk
0:03:01]} 3. Nf3 {[%clk 0:03:06]} Nf6 {[%clk 0:02:42]} 4. Be2 {[%clk 0:03:07]} e6
{[%clk 0:02:30]} 5. O-O {[%clk 0:03:07]} Be7 {[%clk 0:02:31]} 6. d4 {[%clk
0:03:06]} a6 {[%clk 0:01:57]} 7. c4 {[%clk 0:03:06]} Qd8 {[%clk 0:01:41]} 8. Nc3
{[%clk 0:03:07]} O-O {[%clk 0:01:40]} 9. Ne5 {[%clk 0:02:55]} Nbd7 {[%clk
0:01:21]} 10. f4 {[%clk 0:02:50]} c5 {[%clk 0:01:08]} 11. Be3 {[%clk 0:02:23]}
cxd4 {[%clk 0:01:03]} 12. Bxd4 {[%clk 0:02:22]} Qc7 {[%clk 0:00:49]} 13. Qe1
{[%clk 0:02:11]} Bc5 {[%clk 0:00:41]} 14. Qf2 {[%clk 0:01:11]} Bxd4 {[%clk
0:00:32]} 15. Qxd4 {[%clk 0:01:12]} Qc5 {[%clk 0:00:26]} 16. Qxc5 {[%clk
0:01:09]} Nxc5 {[%clk 0:00:27]} 17. Bf3 {[%clk 0:01:06]} Rd8 {[%clk 0:00:22]} 18.
Rad1 {[%clk 0:01:07]} Rb8 {[%clk 0:00:11]}  1-0

[Event "Deutsche Blitz-Einzelmeisterschaft der Frauen 2021"]
[Site "Magdeburg"]
[Date "2021.08.01"]
[Round "15"]
[Board "2"]
[White "Albayrak, Berrak"]
[Black "Voicu-Jagodzinsky, Carmen"]
[Result "0-1"]
[WhiteElo "1491"]
[BlackElo "2194"]
[PlyCount "0"]
[EventDate "2021.08.01"]
[EventRounds "21"]
[EventCountry "GER"]

1. e4 {[%clk 0:03:04]} e6 {[%clk 0:03:03]} 2. d4 {[%clk 0:03:05]} d5 {[%clk
0:03:05]} 3. Nd2 {[%clk 0:03:05]} c5 {[%clk 0:03:06]} 4. c3 {[%clk 0:03:04]} cxd4
{[%clk 0:03:00]} 5. cxd4 {[%clk 0:03:05]} dxe4 {[%clk 0:03:01]} 6. Nxe4 {[%clk
0:03:05]} Nc6 {[%clk 0:03:03]} 7. Nf3 {[%clk 0:02:51]} h6 {[%clk 0:02:54]} 8. Bb5
{[%clk 0:02:38]} Qa5+ {[%clk 0:02:53]} 9. Nc3 {[%clk 0:02:35]} Bd7 {[%clk
0:02:50]} 10. Bxc6 {[%clk 0:02:27]} Bxc6 {[%clk 0:02:50]} 11. O-O {[%clk
0:02:28]} Nf6 {[%clk 0:02:47]} 12. Ne5 {[%clk 0:02:20]} Rc8 {[%clk 0:02:31]} 13.
h3 {[%clk 0:01:49]} Be7 {[%clk 0:02:18]} 14. f4 {[%clk 0:01:26]} O-O {[%clk
0:02:11]} 15. f5 {[%clk 0:01:26]} Bd5 {[%clk 0:02:00]} 16. g4 {[%clk 0:00:55]}
Rxc3 {[%clk 0:01:56]} 17. bxc3 {[%clk 0:00:52]} Qxc3 {[%clk 0:01:57]} 18. Bf4
{[%clk 0:00:29]} Qxh3 {[%clk 0:01:55]} 19. Qe2 {[%clk 0:00:12]} Ne4 {[%clk
0:01:25]} 20. Qh2 {[%clk 0:00:03]} Qc3 {[%clk 0:01:20]} 21. Rfd1 Bg5 {[%clk
0:01:08]} 22. Bxg5 Nxg5 {[%clk 0:01:09]} 23. Qd2 {[%clk 0:00:04]} Qg3+ {[%clk
0:01:03]} 24. Kf1 {[%clk 0:00:05]} f6 {[%clk 0:00:54]} 25. Nc4 {[%clk 0:00:05]}
Bxc4+ {[%clk 0:00:50]}  0-1

[Event "Deutsche Blitz-Einzelmeisterschaft der Frauen 2021"]
[Site "Magdeburg"]
[Date "2021.08.01"]
[Round "15"]
[Board "3"]
[White "Muetsch, Annmarie"]
[Black "Hofmann, Karina"]
[Result "1-0"]
[WhiteElo "2294"]
[BlackElo "1734"]
[PlyCount "0"]
[EventDate "2021.08.01"]
[EventRounds "21"]
[EventCountry "GER"]

1. e4 {[%clk 0:03:03]} b6 {[%clk 0:03:04]} 2. d4 {[%clk 0:03:02]} Bb7 {[%clk
0:03:04]} 3. Nc3 {[%clk 0:03:02]} g6 {[%clk 0:03:05]} 4. g3 {[%clk 0:03:01]} Bg7
{[%clk 0:03:05]} 5. Bg2 {[%clk 0:03:01]} e6 {[%clk 0:03:07]} 6. d5 {[%clk
0:03:00]} exd5 {[%clk 0:03:06]} 7. exd5 {[%clk 0:02:59]} Qe7+ {[%clk 0:02:57]} 8.
Nge2 {[%clk 0:03:00]} d6 {[%clk 0:02:57]} 9. O-O {[%clk 0:02:59]} Nd7 {[%clk
0:02:57]} 10. Nd4 {[%clk 0:02:58]} O-O-O {[%clk 0:02:54]} 11. Nc6 {[%clk
0:02:57]} Bxc6 {[%clk 0:02:51]} 12. dxc6 {[%clk 0:02:58]} Nb8 {[%clk 0:02:31]}
13. Re1 {[%clk 0:02:49]} Qf8 {[%clk 0:02:24]} 14. Qd5 {[%clk 0:02:39]} Ne7 {[%clk
0:02:18]} 15. Bh3+ {[%clk 0:02:38]} f5 {[%clk 0:02:18]} 16. Qe6+ {[%clk 0:02:39]}
Nd7 {[%clk 0:02:13]} 17. Qxe7 {[%clk 0:02:31]} Qxe7 {[%clk 0:02:06]} 18. Rxe7
{[%clk 0:02:31]} Bxc3 {[%clk 0:01:55]} 19. cxd7+ {[%clk 0:02:27]} Rxd7 {[%clk
0:01:56]} 20. Rxd7 {[%clk 0:02:26]} Kxd7 {[%clk 0:01:49]} 21. bxc3 {[%clk
0:02:28]}  1-0

[Event "Deutsche Blitz-Einzelmeisterschaft der Frauen 2021"]
[Site "Magdeburg"]
[Date "2021.08.01"]
[Round "15"]
[Board "4"]
[White "Skogvall, Martina"]
[Black "Paehtz, Elisabeth"]
[Result "0-1"]
[WhiteElo "2014"]
[BlackElo "2410"]
[PlyCount "0"]
[EventDate "2021.08.01"]
[EventRounds "21"]
[EventCountry "GER"]

1. e4 {[%clk 0:03:04]} c5 {[%clk 0:03:03]} 2. Nc3 {[%clk 0:03:04]} Nc6 {[%clk
0:03:04]} 3. Bb5 {[%clk 0:03:05]} Nd4 {[%clk 0:03:05]} 4. Bc4 {[%clk 0:03:06]} a6
{[%clk 0:03:06]} 5. d3 {[%clk 0:03:06]} e6 {[%clk 0:03:07]} 6. Nf3 {[%clk
0:02:58]} b5 {[%clk 0:03:07]} 7. Bb3 {[%clk 0:03:07]} Nxb3 {[%clk 0:03:07]} 8.
axb3 {[%clk 0:03:08]} Bb7 {[%clk 0:03:08]} 9. O-O {[%clk 0:03:07]} d6 {[%clk
0:03:09]} 10. Ne2 {[%clk 0:02:55]} Ne7 {[%clk 0:03:08]} 11. Ng3 {[%clk 0:02:49]}
g6 {[%clk 0:03:07]} 12. Bg5 {[%clk 0:02:41]} Bg7 {[%clk 0:03:06]} 13. Qd2 {[%clk
0:02:37]} h6 {[%clk 0:03:07]} 14. Be3 {[%clk 0:02:06]} Qc7 {[%clk 0:03:08]} 15.
c3 {[%clk 0:02:02]} d5 {[%clk 0:03:06]} 16. exd5 {[%clk 0:01:48]} Nxd5 {[%clk
0:02:57]} 17. Ne4 {[%clk 0:01:42]} Nxe3 {[%clk 0:03:05]} 18. Qxe3 {[%clk
0:01:39]} Rc8 {[%clk 0:03:03]} 19. Rfe1 {[%clk 0:01:35]} O-O {[%clk 0:03:03]} 20.
h4 {[%clk 0:01:18]} e5 {[%clk 0:02:54]} 21. g4 {[%clk 0:00:59]} Qd7 {[%clk
0:02:47]} 22. Nh2 {[%clk 0:00:57]} Qe7 {[%clk 0:02:38]} 23. Qg3 {[%clk 0:00:53]}
f5 {[%clk 0:02:34]} 24. gxf5 {[%clk 0:00:51]} gxf5 {[%clk 0:02:28]} 25. Nd2
{[%clk 0:00:38]} Qf6 {[%clk 0:02:31]} 26. Ndf3 {[%clk 0:00:29]} Rce8 {[%clk
0:02:30]} 27. Re2 {[%clk 0:00:23]} Re7 {[%clk 0:02:17]} 28. Rae1 {[%clk 0:00:23]}
Rfe8 {[%clk 0:02:18]} 29. h5 {[%clk 0:00:18]} Kh7 {[%clk 0:02:14]} 30. Nh4 {[%clk
0:00:19]} Qg5 {[%clk 0:01:43]} 31. Qxg5 {[%clk 0:00:15]} hxg5 {[%clk 0:01:44]}
32. Nxf5 {[%clk 0:00:16]} Re6 {[%clk 0:01:40]} 33. Nxg7 {[%clk 0:00:15]} Kxg7
{[%clk 0:01:41]} 34. Nf1 {[%clk 0:00:11]} Kh6 {[%clk 0:01:39]} 35. Ng3 {[%clk
0:00:11]} Bf3 {[%clk 0:01:36]} 36. Re3 {[%clk 0:00:12]} Bxh5 {[%clk 0:01:34]} 37.
Nf5+ {[%clk 0:00:05]} Kg6 {[%clk 0:01:32]} 38. Ng3 {[%clk 0:00:06]} Bg4 {[%clk
0:01:30]} 39. f3 {[%clk 0:00:06]} Bf5 {[%clk 0:01:29]} 40. Kf2 {[%clk 0:00:06]}
Kf6 {[%clk 0:01:04]} 41. Nh5+ Kf7 {[%clk 0:01:02]} 42. Ng3 {[%clk 0:00:07]} Bg6
{[%clk 0:01:01]} 43. Ne4 {[%clk 0:00:08]} Bxe4 {[%clk 0:01:01]} 44. Rxe4 {[%clk
0:00:07]} Kf6 {[%clk 0:00:49]} 45. Kg3 {[%clk 0:00:08]} Kf5 {[%clk 0:00:49]} 46.
R4e2 {[%clk 0:00:04]} Rd8 {[%clk 0:01:02]} 47. Re3 {[%clk 0:00:05]} Rd5 {[%clk
0:01:02]} 48. c4 {[%clk 0:00:04]} Rd4 {[%clk 0:01:00]} 49. R1e2  0-1

[Event "Deutsche Blitz-Einzelmeisterschaft der Frauen 2021"]
[Site "Magdeburg"]
[Date "2021.08.01"]
[Round "15"]
[Board "5"]
[White "Zeller, Elisa"]
[Black "Schlueter, Sabrina"]
[Result "0-1"]
[WhiteElo "1917"]
[BlackElo "1790"]
[PlyCount "0"]
[EventDate "2021.08.01"]
[EventRounds "21"]
[EventCountry "GER"]

1. e4 {[%clk 0:03:03]} c6 {[%clk 0:03:04]} 2. d4 {[%clk 0:03:04]} g6 {[%clk
0:03:05]} 3. Bc4 {[%clk 0:03:02]} d5 {[%clk 0:03:06]} 4. exd5 {[%clk 0:03:02]}
cxd5 {[%clk 0:03:07]} 5. Bb5+ {[%clk 0:03:04]} Nc6 {[%clk 0:03:08]} 6. Nf3 {[%clk
0:03:04]} Bg7 {[%clk 0:03:09]} 7. O-O {[%clk 0:03:05]} Nf6 {[%clk 0:03:10]} 8.
Re1 {[%clk 0:03:04]} O-O {[%clk 0:03:09]} 9. c3 {[%clk 0:03:04]} Bg4 {[%clk
0:03:10]} 10. Nbd2 {[%clk 0:03:04]} Rc8 {[%clk 0:03:02]} 11. Nf1 {[%clk 0:03:05]}
e6 {[%clk 0:02:55]} 12. Ne3 {[%clk 0:03:06]} Bxf3 {[%clk 0:02:47]} 13. Qxf3
{[%clk 0:03:06]} a6 {[%clk 0:02:50]} 14. Ba4 {[%clk 0:03:06]} b5 {[%clk 0:02:51]}
15. Bc2 {[%clk 0:03:07]} a5 {[%clk 0:02:42]} 16. Bd3 {[%clk 0:02:51]} b4 {[%clk
0:02:37]} 17. Bd2 {[%clk 0:02:50]} Qb6 {[%clk 0:02:25]} 18. Rab1 {[%clk 0:02:43]}
b3 {[%clk 0:02:07]} 19. a3 {[%clk 0:02:41]} a4 {[%clk 0:02:01]} 20. Nf1 {[%clk
0:02:36]} Na5 {[%clk 0:01:55]} 21. Ng3 {[%clk 0:02:27]} h6 {[%clk 0:01:43]} 22.
Bxh6 {[%clk 0:02:34]} Bxh6 {[%clk 0:01:38]} 23. Qxf6 {[%clk 0:02:34]} Bg7 {[%clk
0:01:38]} 24. Qh4 {[%clk 0:02:32]} Nc4 {[%clk 0:01:31]} 25. Bxc4 {[%clk 0:02:32]}
Rxc4 {[%clk 0:01:28]} 26. Ne2 {[%clk 0:02:25]} e5 {[%clk 0:01:21]} 27. Red1
{[%clk 0:01:58]} Qe6 {[%clk 0:01:11]} 28. Qg3 {[%clk 0:01:33]} Qf5 {[%clk
0:00:47]} 29. Qd3 {[%clk 0:01:18]} e4 {[%clk 0:00:34]} 30. Qe3 {[%clk 0:01:18]}
Kh7 {[%clk 0:00:30]} 31. Ng3 {[%clk 0:01:17]} Qd7 {[%clk 0:00:30]} 32. Qg5 {[%clk
0:01:09]} Bh6 {[%clk 0:00:31]} 33. Qh4 {[%clk 0:00:55]} Kg7 {[%clk 0:00:25]} 34.
Ne2 {[%clk 0:00:35]} Rh8 {[%clk 0:00:22]} 35. Qg3 {[%clk 0:00:32]} f5 {[%clk
0:00:14]} 36. Qe5+ {[%clk 0:00:32]} Kh7 {[%clk 0:00:13]} 37. Nf4 {[%clk 0:00:29]}
Rd8 {[%clk 0:00:07]} 38. g3 {[%clk 0:00:17]} Rc6 {[%clk 0:00:06]} 39. Nxd5 {[%clk
0:00:02]} Qxd5 {[%clk 0:00:06]}  0-1